Tradicionalistická katolícka koncepcia národa a nacionalizmu na Slovensku v prvej polovici 20. storočia

Bibliographic Details
Main Author: Balážová, Jana, 1952-2004 (Author)
Format: Article
Language:Slovak
ISSN:0046-385X
Subjects:

MARC

LEADER 00000nab a2200000 a 4500
001 vtls000657461
003 SK-MaSNL
005 20260304084931.0
008 250425c1998 xo 0 slo
015 |a SNBRB1998/03-08394 
035 |a CLN000009653 
035 |a urn:nbn:sk:snk-abhwo 
035 |a (urnnbn)urn:nbn:sk:snk:ar-a03z3q 
035 |a (uuid)10e4116c-572e-457c-b012-2e4d9e0448f7 
040 |a SNKBUCL  |b slo  |c SNKBUCL  |e AACR2 
041 0 |a slo 
044 |a xo  |c SK 
080 |a 141.7(437.6)  |2 1997 
080 |a 301.152:323.1(437.6)  |2 1997 
100 1 |a Balážová, Jana,  |d 1952-2004  |4 aut  |9 6131 
245 1 0 |a Tradicionalistická katolícka koncepcia národa a nacionalizmu na Slovensku v prvej polovici 20. storočia  |c Jana Balážová 
504 |a Res. angl. Bibliogr. odkazy 
650 0 7 |a národ  |2 SNKPH  |9 388111 
650 0 7 |a katolicizmus  |2 SNKPH  |9 4024 
650 0 7 |a kresťanský nacionalizmus  |2 SNK  |9 1377859 
655 7 |a články z novín a časopisov  |2 SNK  |9 267496 
773 0 |t Filozofia  |g Roč. 53, č. 3 (1998), s. 146-154  |x 0046-385X 
850 |a Slovenská národná knižnica 
852 |a Slovenská národná knižnica 
954 |a odborná, vedecká literatúra pôvodná (slovenská)  |2 lita 
958 |a article27 
958 |a OND 
958 |a NB 
958 |a EUIPO 
992 |a RBX 
999 |c 2805699  |d 2807629